Medio siglo de medicina española (Record no. 189214)
[ view plain ]
| 000 -LEADER | |
|---|---|
| campo de control de longitud fija | 01202nam a2200277 i 4500 |
| 001 - NÚMERO DE CONTROL | |
| campo de control | 189214 |
| 003 - IDENTIFICADOR DE NÚMERO DE CONTROL | |
| campo de control | SpMaBN |
| 005 - FECHA Y HORA DE LA ÚLTIMA TRANSACCIÓN | |
| campo de control | 20240104171405.0 |
| 008 - DATOS DE LONGITUD FIJA--INFORMACIÓN GENERAL | |
| campo de control de longitud fija | 190425s2017 sp ac |||| |cspa d |
| 020 ## - NÚMERO INTERNACIONAL ESTÁNDAR DEL LIBRO | |
| Número Internacional Estándar del Libro | 978-84-947692-9-0 |
| 080 ## - NÚMERO DE LA CLASIFICACIÓN DECIMAL UNIVERSAL | |
| Número de la Clasificación Decimal Universal | 378.4(460.271)"19" |
| 080 ## - NÚMERO DE LA CLASIFICACIÓN DECIMAL UNIVERSAL | |
| Número de la Clasificación Decimal Universal | 929(460)"19":61 |
| 245 00 - MENCIÓN DEL TÍTULO | |
| Título | Medio siglo de medicina española |
| Resto del título | : memorias de la promoción 1958/59 - 1965 / |
| Mención de responsabilidad, etc. | Ramón Gómez Recio, Santiago Giménez Roldán (eds.) ; [autores, Antonio Barceló Rosselló, Luis Cifuentes de Castro, Manuel Díaz-Rubio García ... et al.]. |
| 260 ## - PUBLICACIÓN, DISTRIBUCIÓN, ETC. | |
| Lugar de publicación, distribución, etc. | Santander : |
| Nombre del editor, distribuidor, etc. | Tantín, |
| Fecha de publicación, distribución, etc. | [2017] |
| 300 ## - DESCRIPCIÓN FÍSICA | |
| Extensión | 488 p. : |
| Otras características físicas | il. col. y n., retr. ; |
| Dimensiones | 21 cm. |
| 500 ## - NOTA GENERAL | |
| Nota general | Índice. |
| 610 2# - PUNTO DE ACCESO ADICIONAL DE MATERIA--NOMBRE DE ENTIDAD CORPORATIVA | |
| Nombre de entidad corporativa o nombre de jurisdicción como elemento de entrada | Universidad Complutense de Madrid. |
| Unidad subordinada | Facultad de Medicina- |
| Subdivisión de forma | Historia. |
| 9 (RLIN) | 166892 |
| 650 #7 - PUNTO DE ACCESO ADICIONAL DE MATERIA--TÉRMINO DE MATERIA | |
| Término de materia o nombre geográfico como elemento de entrada | Médicos- |
| Subdivisión geográfica | España- |
| Subdivisión de forma | Biografías. |
| 9 (RLIN) | 144463 |
| 700 1# - ENTRADA AGREGADA--NOMBRE PERSONAL | |
| Nombre de persona | Gómez Recio, Ramón. |
| 9 (RLIN) | 166893 |
| 700 1# - ENTRADA AGREGADA--NOMBRE PERSONAL | |
| Nombre de persona | Giménez Roldán, Santiago. |
| 9 (RLIN) | 161651 |
| 700 1# - ENTRADA AGREGADA--NOMBRE PERSONAL | |
| Nombre de persona | Barceló Rosselló, Antonio. |
| 9 (RLIN) | 166894 |
| 852 ## - LOCALIZACIÓN | |
| Ubicación | ES-MaACL |
| Número de control de estantería | A-14503 |
| itemnumber | 196352 |
| Sublocalización o colección | R.152061 |
| Ubicación en estantería | Depósito 1 |
| Signatura antigua | Olim: N-7503 |
| Donativo/Legado | Donación: Santiago Giménez Roldán |
| 903 ## - NOMBRE PERSONAL DE DONANTE | |
| 9 | 161651 |
| a | Giménez Roldán, Santiago |
| e | Donante |
| 942 ## - ELEMENTOS DE ENTRADA SECUNDARIOS (KOHA) | |
| Fuente del sistema de clasificación o colocación | Clasificación decimal universal |
| Tipo de ítem Koha | Libro impreso |
| Estatus retirado | Estado de pérdida | Fuente del sistema de clasificación o colocación | Estado de daño | No para préstamo | Biblioteca de origen | Biblioteca actual | Ubicación en estantería | Fecha de adquisición | Fuente de adquisición | Total de préstamos | Signatura topográfica completa | Código de barras | Visto por última vez | Precio de reemplazo | Tipo de ítem Koha |
|---|---|---|---|---|---|---|---|---|---|---|---|---|---|---|---|
| Clasificación decimal universal | Biblioteca del Ateneo de Madrid | Biblioteca del Ateneo de Madrid | Depósito 1 | 25/04/2019 | Donación | A-14503 | 1200409 | 23/02/2023 | 23/02/2023 | Libro impreso |
